00791nam a2200205Ia 4500003000900000008004100009020001800050040001600068080001700084100002500101245017100126260003600297300001500333650004100348650004100389650003200430942000700462999001500469952010100484IN-BaIIA211028s9999 xx 000 0 eng d a0-86961-109-7 cIIA Library a52(091)bWAR aWarner, Brian911182 0aAstronomers at the royal observatory cape of good hopeba history with emphasis on the nineteenth centurycBrian Warner  aCape Town,bA. A. Balkemac1979 axii, 132p. aAstronomers-Cape of Good Hope911183 aAstronomy and Astrophysics Thesaurus aHistory-Observatories92465 cBK c6533d6533 00104070aBANbBANcGENd1980-08-06l0o52(091)/WARp7266r2021-11-05w1980-08-06yBKG£ 8.00